Penyeludupan dadah oleh warga asing : kajian terhadap modus operandi, jenis-jenis dadah dan impak ke atas keselamatan Malaysia /

Bibliographic Details
Main Author: Charun Aai Been
Corporate Author: Universiti Utara Malaysia
Format: Book
Published: Kedah: Universiti Utara Malaysia, 2011.
Subjects:
LEADER 00688cam a2200193 7i4500
001 0000013537
005 20151104090000.0
005 ##20151104114100.0
003 ##MY-KlINT
039 # 9 |y 201511041141  |z VLOAD 
090 0 0 |a SSP 01/11  
100 1 # |a Charun Aai Been 
245 1 0 |a Penyeludupan dadah oleh warga asing :   |b kajian terhadap modus operandi, jenis-jenis dadah dan impak ke atas keselamatan Malaysia /   |c Charun Aai Been. 
260 # # |a Kedah:   |b Universiti Utara Malaysia,   |c 2011. 
300 # # |a xiii, 136p:   |b ill.col;   |c 30cm. 
500 # # |a Ijazah Sarjana Sains (Pengurusan) 
650 # 0 |a Thesis --   |z Malaysia  
710 0 # |a Universiti Utara Malaysia  
999 |a 1112067754  |b BOOK  |c Dissertation  |e INTAN BK